00749 2200241 4500001002100000005001700021008004100038020001800079035002500097040001200122082001200134084002200146100002800168245012200196250001100318260003400329300002800363500003100391650003600422700001500458850001200473990002200485INLIS00000000000845820151008104146.0  a602-898-168-2 a0010-071500000001141 aYOPDYOG a297.122 aDEP 297.122 Syu M aSYUAEB KURDI, H., 1952- aModel pembelajaran efektifb: baca tulis Al-Qur an (BTA) berdasarkan teori dan praktekc/ H. Syuaeb Kurdi, Abdul Aziz aCet. 2 aYogyakartabDee publishc2012 aviii, 126 hlm.c; 21 cm aBibliografi : hlm. 125-126 aAl-Qur an - Metode pembelajaran aAbdul Aziz aYOPDYOG aCB-D.11-2013-2087